Olor y Raíces. Poesía y Dibujos

Uloženo v:
Podrobná bibliografie
Hlavní autor: Ceibal, Alfredo
Médium: Kniha
Jazyk:Undetermined
Vydáno: San José, Costa Rica Lil 1985
Témata:
Tagy: Přidat tag
Žádné tagy, Buďte první, kdo vytvoří štítek k tomuto záznamu!

MARC

LEADER 00000nam a2200000Ia 4500
008 170316s9999 xx 000 0 und d
040 |a cru BVZT 
090 |a 860 C-31o 
100 |a Ceibal, Alfredo 
245 |a Olor y Raíces. Poesía y Dibujos 
260 |a San José, Costa Rica 
260 |b Lil 
260 |c 1985 
300 |a 79 páginas 
650 |a LITERATURA LATINOAMERICANA 
999 |c 8522  |d 8522 
942 |c 15 D  |h 860 C-31o  |2 z